Value in social theory : (Record no. 33661)
[ view plain ]
| 000 -LEADER | |
|---|---|
| fixed length control field | 00894cam a2200253 a 4500 |
| 001 - CONTROL NUMBER | |
| control field | 33661 |
| 003 - CONTROL NUMBER IDENTIFIER | |
| rucl marc code | BD-RjUL |
| 005 - DATE AND TIME OF LATEST TRANSACTION | |
| control field | 20211209052035.0 |
| 008 - FIXED-LENGTH DATA ELEMENTS--GENERAL INFORMATION | |
| fixed length control field | 140510r19621958uk b 001 0 eng d |
| 035 ## - SYSTEM CONTROL NUMBER | |
| System control number | (BD-RjUL)33752 |
| 040 ## - CATALOGING SOURCE | |
| Original cataloging agency | QUT |
| Language of cataloging | eng |
| Transcribing agency | QUT |
| Modifying agency | BD-RjUL |
| 041 ## - LANGUAGE CODE | |
| Language code of text/sound track or separate title | eng |
| 082 ## - DEWEY DECIMAL CLASSIFICATION NUMBER | |
| Classification number | 301.01 |
| Author mark and year | MYV 1962 |
| 100 1# - MAIN ENTRY--PERSONAL NAME | |
| Personal name | Myrdal, Gunnar, |
| Dates associated with a name | 1898- |
| 9 (RLIN) | 102196 |
| 245 10 - TITLE STATEMENT | |
| Title | Value in social theory : |
| Remainder of title | a selection of essays on methodology / |
| Statement of responsibility, etc. | Gunnar Myrdal ; edited by Paul Streeton. |
| 260 ## - PUBLICATION, DISTRIBUTION, ETC. (IMPRINT) | |
| Place of publication, distribution, etc. | London : |
| Name of publisher, distributor, etc. | Routledge and Kegan Paul, |
| Date of publication, distribution, etc. | c1958 [Impression 1962]. |
| 300 ## - PHYSICAL DESCRIPTION | |
| Pagination | xlvi, 269 p. ; |
| Size | 23 cm. |
| 504 ## - BIBLIOGRAPHY, ETC. NOTE | |
| Bibliography, etc | Includes bibliographical references and index. |
| 650 #0 - SUBJECT ADDED ENTRY--TOPICAL TERM | |
| Topical term or geographic name as entry element | Social sciences |
| General subdivision | Methodology. |
| 9 (RLIN) | 102198 |
| Topical term or geographic name as entry element | African Americans. |
| 9 (RLIN) | 102199 |
| 700 1# - ADDED ENTRY--PERSONAL NAME | |
| Personal name | Streeton, Paul. |
| 942 ## - ADDED ENTRY ELEMENTS (KOHA) | |
| Source of classification or shelving scheme | Dewey Decimal Classification |
| Koha item type | Books |
| Lost status | Source of classification or shelving scheme | Damaged status | Not for loan | Collection code | Permanent Location | Current Location | Shelving location | Date acquired | Source of acquisition | Cost, normal purchase price | Total Checkouts | Full call number | Date last seen | Copy number | Koha item type |
|---|---|---|---|---|---|---|---|---|---|---|---|---|---|---|---|
| Dewey Decimal Classification | Non-fiction | Central Library, University of Rajshahi | Central Library, University of Rajshahi | 31/05/1965 | Euro-Pak | 25.89 | 301.01 MYV 1962 | 10/05/2014 | C-2 | Books | |||||
| Dewey Decimal Classification | Non-fiction | Central Library, University of Rajshahi | Central Library, University of Rajshahi | 31/05/1965 | Sweets & Zeitlinger | 32.00 | 301.01 MYV 1962 | 11/05/2014 | C-9 | Books | |||||
| Dewey Decimal Classification | Non-fiction | Central Library, University of Rajshahi | Central Library, University of Rajshahi | 23/06/1965 | Euro-Pak | 25.89 | 301.01 MYV 1962 | 11/05/2014 | C-10 | Books | |||||
| Dewey Decimal Classification | Non-fiction | Central Library, University of Rajshahi | Central Library, University of Rajshahi | 26/03/1965 | sweets & zeithinger | 39.00 | 301.01 MYV 1962 | 14/05/2014 | C-8 | Books | |||||
| Dewey Decimal Classification | Non-fiction | Central Library, University of Rajshahi | Central Library, University of Rajshahi | 01/01/1966 | George Book selles. | 24.00 | 301.01 MYV 1962 | 14/05/2014 | C-4 | Books | |||||
| Dewey Decimal Classification | Not For Loan | Non-fiction | Central Library, University of Rajshahi | Central Library, University of Rajshahi | Reading Room | 26/03/1965 | sweets & zeithinger | 32.00 | 301.01 MYV 1962 | 14/05/2014 | C-1 | Books | |||
| Dewey Decimal Classification | Non-fiction | Central Library, University of Rajshahi | Central Library, University of Rajshahi | 02/03/1965 | sweets & zeithinger | 32.00 | 301.01 MYV 1962 | 14/05/2014 | C-7 | Books | |||||
| Dewey Decimal Classification | Non-fiction | Central Library, University of Rajshahi | Central Library, University of Rajshahi | 31/05/1965 | Euro-Pak | 25.89 | 301.01 MYV 1962 | 15/05/2014 | C-3 | Books | |||||
| Dewey Decimal Classification | Non-fiction | Central Library, University of Rajshahi | Central Library, University of Rajshahi | 03/11/1965 | Green Book House. | 24.00 | 301.01 MYV 1962 | 15/05/2014 | C-5 | Books | |||||
| Dewey Decimal Classification | Non-fiction | Central Library, University of Rajshahi | Central Library, University of Rajshahi | 18/03/1963 | Zeitlinger | 32.00 | 301.01 MYV 1958 | 07/12/2016 | C-6 | Books |